000 01546 a2200241 4500
020 _a0415335450
035 _a(OCoLC)ocm56085928
040 _aDLC
_bDLC
082 0 0 _a378.194046
100 1 _aTaylor, Stan,
245 1 2 _aA handbook for doctoral supervisors
_cStan Taylor and Nigel Beasley.
260 _aLondon ;
_aNew York :
_bRoutledge,
_c2005.
300 _axi, 237 p. ;
_c24 cm.
505 0 _aThe Context -- The Overall Context -- The Institutional Context -- The Disciplinary Context -- Preparing the Ground -- Recruitment and Selection -- Working Relationships Candidates -- Working Relationships Co-supervisors -- Supporting the Research Project -- Academic Guidance and Support -- Encouraging Early Writing and Giving Feedback -- Keeping the Project on Track and Monitoring Progression -- Supporting the Candidate -- Personal, Professional, Academic and Career Support -- Responding to Diversity Domestic Candidates -- Responding to Diversity nternational Candidates -- Supporting Completion and Examination -- Completion and Submission -- Preparation for Examination -- Examination -- Evaluation and Dissemination.
650 0 _aFaculty advisors.
650 0 _aGraduate students.
650 0 _aDoctor of philosophy degree.
650 0 _aMentoring in education.
700 1 _aBeasley, Nigel.
856 4 1 _3Table of contents
_uhttp://www.loc.gov/catdir/toc/ecip0420/2004017567.html
856 4 1 _3Publisher description
_uhttp://www.loc.gov/catdir/enhancements/fy0704/2004017567-d.html
942 _cBK
_k378.194046 TAY
_2ddc
999 _c7351
_d7351